Countries with Bhutanese Embassies - Statistics

General Stats
  • This quiz has been taken 58 times
  • The average score is 4 of 7
Answer Stats
Est. Answer % Correct
1971 India
98%
N/A United States
84%
1980 Bangladesh
73%
2021 Australia
61%
1999 Thailand
59%
2009 Belgium
24%
1983 Kuwait
14%
No matching quizzes found
Score Distribution
Percent of People with Each Score
Percentile by Number Answered
Your Score History
You have not taken this quiz